| 000 | 02564nam a2200361 c 4500 | ||
|---|---|---|---|
| 003 | BLK | ||
| 005 | 20240731005408.0 | ||
| 008 | 180411b bul|||||r ||||||| ||bul|| | ||
| 010 | _aKNG00204051000 | ||
| 040 | _aBLK | ||
| 041 |
_aBUL _cBUL |
||
| 080 |
_aТълкуване на сънища. Съновници _b398.7 _x _z398.7 |
||
| 080 |
_aНародни вярвания. Народни обичаи. Суеверия, свързани с годишни времена, с дома, религиозни празници и др. Нестинарство _b398.3 _x _z398.3 |
||
| 700 | 1 |
_aКараджова, Даринка _eсъстав. и комент. _9369997 |
|
| 700 | 1 |
_aГранитски, Анастас Поппетров _e* _9381113 |
|
| 700 | 1 |
_aСлавейков, Петко Рачов _d1827-1895 _gВиден възрожд. деец, участник в борбата за църк. освобожд., просветител, писател, поет, публицист, фолклорист, политик _e* _9121105 |
|
| 139 |
_aСъновник и забавни гадателни игри от миналия век _bС 97 |
||
| 245 | 1 | 0 |
_aСъновник и забавни гадателни игри от миналия век _b[Сборник] _cсъстав. и комент. Даринка Караджова; * Петко Рачов Славейков; * Анастас Поппетров Гранитски. |
| 257 | _aBGR | ||
| 260 |
_аСофия _bДелта Букс _c1991 |
||
| 300 |
_a159 с. _bс факс. _c20 см |
||
| 380 | _a3 | ||
| 500 | _aВключените в сб. кн. са от 1870, 1849 и 1862 г. - Офс. изд. - 5 060 тир. - Съдържа Предвещание или пълно тълкувание на сънищата, виденията и явленията, извлечено от най-изпитаните древни и нови списания за тайнствените науки / П. Р. Славейков ; Пития или гледане за щастие / Прев. от гр. ез. А. П. Гранитски ; Гадателна книжка за преходните човешки преживелици. | ||
| 650 | 4 |
_aСънища - тълкуване _9241617 |
|
| 650 | 4 |
_aАстрология _9147757 |
|
| 650 | 4 |
_aГадания _9151652 |
|
| 852 | _aЦб 166367 | ||
| 856 | 4 |
_qpdf _u |
|
| 856 | 4 |
_qpdf _u |
|
| 942 |
_cKNG _n0 |
||
| 944 |
_aCR _c29.03.2017 _k _lCRON CRON |
||
| 944 |
_aED _c29.03.2017 _kКети_Илиева |
||
| 999 |
_c194818 _d194818 |
||